Statistics for Coats of Arms with Flag/Borders Included

Click here to take the quiz!

General Stats

  • This quiz has been taken 11 times
  • The average score is 68 of 94

Answer Stats

Answer% Correct
Albania
100%
Andorra
100%
Austria
100%
Argentina
89%
Azerbaijan
89%
Bahrain
89%
Bolivia
89%
Bosnia and Herzegovina
89%
China
89%
Iceland
89%
Iran
89%
Kiribati
89%
Kosovo
89%
Lebanon
89%
Morocco
89%
Nepal
89%
Algeria
78%
Belarus
78%
Belgium
78%
Belize
78%
Brunei
78%
Burkina Faso
78%
Cameroon
78%
Central African Republic
78%
Croatia
78%
Ecuador
78%
Egypt
78%
El Salvador
78%
Equatorial Guinea
78%
Eswatini
78%
Ethiopia
78%
Greece
78%
Guatemala
78%
Haiti
78%
Iraq
78%
Kuwait
78%
Madagascar
78%
Maldives
78%
Malta
78%
Mexico
78%
Mozambique
78%
Myanmar
78%
Paraguay
78%
Portugal
78%
Slovakia
78%
South Korea
78%
Switzerland
78%
Syria
78%
Colombia
67%
Dominican Republic
67%
Gabon
67%
Georgia
67%
Guinea
67%
Jordan
67%
Latvia
67%
Mauritania
67%
Moldova
67%
Montenegro
67%
Namibia
67%
New Zealand
67%
Nicaragua
67%
Niger
67%
Oman
67%
Pakistan
67%
Panama
67%
Philippines
67%
Serbia
67%
Slovenia
67%
Somalia
67%
Sri Lanka
67%
Tunisia
67%
Turkey
67%
United Arab Emirates
67%
United States of America
67%
Uruguay
67%
Ghana
56%
Mongolia
56%
Peru
56%
Samoa
56%
San Marino
56%
Singapore
56%
Spain
56%
Taiwan
56%
Tajikistan
56%
Tanzania
56%
Togo
56%
Tonga
56%
Turkmenistan
56%
Uzbekistan
56%
Vatican City
56%
Venezuela
56%
Yemen
56%
Zambia
56%
Zimbabwe
56%

Score Distribution

Percentile by Number Answered

Percent of People with Each Score

Your Score History

You have not taken this quiz